Dulcinée (Record no. 104906)
[ view plain ]
| 000 -LEADER | |
|---|---|
| campo de control de longitud fija | 00667nam a2200229 i 4500 |
| 001 - NÚMERO DE CONTROL | |
| campo de control | 104906 |
| 003 - IDENTIFICADOR DE NÚMERO DE CONTROL | |
| campo de control | ES-MaACL |
| 005 - FECHA Y HORA DE LA ÚLTIMA TRANSACCIÓN | |
| campo de control | 20230906183724.0 |
| 007 - CAMPO FIJO DE DESCRIPCIÓN FÍSICA--INFORMACIÓN GENERAL | |
| campo de control de longitud fija | t| |
| 008 - DATOS DE LONGITUD FIJA--INFORMACIÓN GENERAL | |
| campo de control de longitud fija | 060523s1938 fr ||||1| fre d |
| 080 ## - NÚMERO DE LA CLASIFICACIÓN DECIMAL UNIVERSAL | |
| Número de la Clasificación Decimal Universal | 821.133.1-23"19" |
| 100 1# - ENTRADA PRINCIPAL--NOMBRE DE PERSONA | |
| Nombre de persona | Baty, Gaston. |
| 9 (RLIN) | 26497 |
| 245 10 - MENCIÓN DEL TÍTULO | |
| Título | Dulcinée |
| Resto del título | : tragi-comédie en deux parties at neuf tableaux / |
| Mención de responsabilidad, etc. | Gaston Baty. |
| 260 ## - PUBLICACIÓN, DISTRIBUCIÓN, ETC. | |
| Lugar de publicación, distribución, etc. | Paris : |
| Nombre del editor, distribuidor, etc. | Coutan-Lambert, |
| Fecha de publicación, distribución, etc. | [1938] |
| 300 ## - DESCRIPCIÓN FÍSICA | |
| Extensión | 153 p. ; |
| Dimensiones | 21 cm. |
| 490 1# - MENCIÓN DE SERIE | |
| Mención de serie | Masques |
| 500 ## - NOTA GENERAL | |
| Nota general | Biblioteca Jacinto Martínez Lacalle. |
| 830 0# - PUNTO DE ACCESO ADICIONAL DE SERIE-TÍTULO UNIFORME | |
| Título uniforme | Masques |
| 9 (RLIN) | 232663 |
| 852 ## - LOCALIZACIÓN | |
| Ubicación | ES-MaACL |
| Número de control de estantería | E-11229 |
| Sublocalización o colección | R |
| itemnumber | R.138913 |
| Ubicación en estantería | Depósito 2 |
| 942 ## - ELEMENTOS DE ENTRADA SECUNDARIOS (KOHA) | |
| Fuente del sistema de clasificación o colocación | Clasificación decimal universal |
| Estatus retirado | Estado de pérdida | Estado de daño | No para préstamo | Biblioteca de origen | Biblioteca actual | Ubicación en estantería | Fecha de adquisición | Fuente de adquisición | Total de préstamos | Signatura topográfica completa | Código de barras | Visto por última vez | Precio de reemplazo | Tipo de ítem Koha |
|---|---|---|---|---|---|---|---|---|---|---|---|---|---|---|
| Biblioteca del Ateneo de Madrid | Biblioteca del Ateneo de Madrid | Depósito 2 | 17/01/2008 | E-11229 | 1109520 | 23/02/2023 | 23/02/2023 | Libro impreso |
